Statistics for Countries with least olympic medals

Click here to take the quiz!

General Stats

  • This quiz has been taken 20 times
  • The average score is 25 of 52

Answer Stats

Medals (total)PopulationCountry% Correct
11,120,849Djibouti
75%
4647,599Luxembourg
75%
18,848,699Togo
75%
3929,766Fiji
65%
11,299,469Mauritius
65%
13,684,032Eritrea
60%
533,475,870Ghana
60%
34,268,873Kuwait
60%
146,874,204Sudan
60%
241,128,771Afghanistan
55%
41,472,233Bahrain
55%
1281,635Barbados
55%
3125,438Grenada
55%
1808,726Guyana
55%
226,207,977Niger
55%
5235,824,862Pakistan
55%
333,660San Marino
55%
2618,040Suriname
55%
49,952,787Tajikistan
55%
16,430,770Turkmenistan
55%
211,584,996Haiti
50%
52,567,012Namibia
50%
221,832,143Sri Lanka
50%
265,497,748Tanzania
50%
220,017,675Zambia
50%
212,889,576Burundi
45%
117,843,908Guatemala
45%
311,285,869Jordan
45%
45,489,739Lebanon
45%
1627,082Montenegro
45%
16,780,744Paraguay
45%
1106,858Tonga
45%
29,441,129United Arab Emirates
45%
518,001,000Ecuador
40%
12,388,992Gabon
40%
4372,899Iceland
40%
144,496,122Iraq
40%
232,969,518Mozambique
40%
1222,382Samoa
40%
117,316,449Senegal
40%
55,975,689Singapore
40%
422,125,249Syria
40%
45,180,829Costa Rica
35%
11,251,488Cyprus
35%
428,160,542Ivory Coast
35%
598,186,856Vietnam
35%
22,630,296Botswana
30%
122,673,762Burkina Faso
30%
34,408,581Panama
30%
22,093,599North Macedonia
25%
436,408,820Saudi Arabia
25%
434,049,588Peru
15%

Score Distribution

Percentile by Number Answered

Percent of People with Each Score

Your Score History

You have not taken this quiz